000 00645nam a2200181 a 4500
008 120416s1996 ||||||||||||||||| || u
020 _a1557755620
050 _aIMF(08)OP
100 _aMehran, Hassanali
245 1 0 _aMonetary and exchange system reforms in China: an experiment in gradualism
260 _aWashington, D.C.
_bIMF
_c1996
300 _aix, 91p. : ill.
350 _a0.00
650 _aFINANCE--CHINA
650 _aMONETARY POLICY--CHINA
650 _aBANKS AND BANKING--CHINA
995 _D0.00
_FCBU-MAIN LIBRARY (Kitwe)
_H1
_I0.00
_M1
_UAVAILABLE
_ZInternational Publications
999 _c51572
_d51572